|
|
|
|
| LEADER |
00000nab a2200000 ar4500 |
| 001 |
vtls009158647 |
| 003 |
SK-MaSNL |
| 005 |
20260303223325.0 |
| 008 |
071113c2007 xo wr|p|||||||000 b|slo |
| 038 |
|
|
|a PPPK
|
| 040 |
|
|
|a PPPKCL
|b slo
|c PPPKCL
|e AACR2
|
| 041 |
0 |
|
|a slo
|
| 044 |
|
|
|a xo
|c SK
|
| 080 |
|
|
|a 796.51.07.093
|x (437.6)
|2 1997
|
| 080 |
|
|
|a 796.092.2
|2 1997
|
| 080 |
|
|
|a 656.073.23
|x (23.0)
|2 1997
|
| 245 |
0 |
0 |
|a Nosičská stovka s rekordom
|c [autor] (red)
|
| 600 |
1 |
7 |
|a Lipták, Eduard
|2 pppkcl
|9 1257735
|
| 611 |
2 |
7 |
|a Nosičská stovka
|d (2007 :
|c Vysoké Tatry, Slovensko)
|2 pppkcl
|9 1257736
|
| 648 |
|
7 |
|a 2007
|2 pppkcl
|9 313226
|
| 650 |
0 |
7 |
|a horskí nosiči
|2 pppkcl
|9 114245
|
| 650 |
0 |
7 |
|a súťaže
|2 pppkcl
|9 3301
|
| 651 |
|
7 |
|a Vysoké Tatry (Poľsko a Slovensko : pohorie)
|2 pppkcl
|9 67729
|
| 773 |
0 |
|
|t Podtatranské noviny
|g Roč. XLVIII, č. 25 (2007), s. 1
|
| 852 |
|
|
|a PPPK
|b KIS3GCP
|
| 999 |
|
|
|c 2247213
|d 2249143
|